Legends of Tomorrow all Legends - Statistics

General Stats
  • This quiz has been taken 128 times
  • The average score is 18 of 20
Answer Stats
Hint Answer % Correct
Former captain of the ship and former director of the Time Bureau Rip Hunter
100%
Current captain of the ship and a trained assasin Sara Lance / White Canary
100%
Young car mechanic who can merch to become a nuclear/fire type superhero Jefferson Jackson / Firestorm
99%
Former criminal who loves fire Mick Rory / Heatwave
99%
Billionaire genius who created a suit that can make him super tiny Ray Palmer / ATOM
99%
Former criminal with a ice gun Leonard Snart / Captain Cold
97%
Ancient lady who has wings Kendra Saunders / Hawkgirl
95%
Ancient man who has wings Carter Hall / Hawkman
94%
Computer build in the Waverider Gideon
94%
Scientist who can merch to become a nuclear/fire type superhero Martin Stein / Firestorm
94%
Can turn his body fully into steel Nate Heywood / Steel
94%
Has a totem that gives her the ability to control air Zari Tomaz
93%
Can run really really really really fast Wally West / Kid Flash
92%
Has a totem that gives her animal like powers Amaya Jiwe / Vixen
91%
Works at the Time Bureau and is an idiot Gary
87%
Director of the Time Bureau Ava Sharpe
85%
Shapeshifter Charlie
80%
Daughter of a supervillain she has magical powers Nora Darhk
80%
Works at the Time Bureau and has to take care of the magical creature Mona Wu
72%
Can speak with demons and has magical powers John Constatine
63%
No matching quizzes found
Score Distribution
Percent of People with Each Score
Percentile by Number Answered
Your Score History
You have not taken this quiz